00573nam a22001817a 450000500170000001000260001702000260004303500130006903700080008203700130009008200160010310000250011924501030014426000380024727000420028530000240032750000400035120160812103126.0 a1617EN ENG-115334 a9788125060710c695.00 aEN-98866 bTBI bDBAD/PUB a294.5924046 aBandyopadhyay,Sibaji aThree essays on the Mahabharata ;bexercises in literrary hermeneutics /cby Shibaji,Bandyopadhyay aNew DelhibOrient BlackSwanc2016 a1/24 Asaf Ali RoadbNew Delhie110002 avii,322p.c23cm(Hb) aIncludes bibliographical references